5 most populated cities in each state of Mexico - Estadísticas

Estadísticas generales
  • Esta prueba ha sido intentada 30 veces
  • La puntuación promedio es 39 de 155
Estadísticas de respuestas
state population city % Correcto
Aguascalientes 863 893 Aguascalientes
67%
Quintana roo 888 797 Cancun
63%
Jalisco 1 385 621 Guadalajara
63%
Chihuahua 952 762 Chihuahua
59%
Baja California 1 810 645 Tijuana
59%
Baja california sur 250 141 La Paz
59%
Nuevo Leon 1 135 512 Monterrey
59%
Coahuila 879 958 Saltillo
59%
Chihuahua 1 501 551 Ciudad Juarez
56%
Baja California 854 186 Mexicali
56%
Oaxaca 258 913 Oaxaca
56%
Puebla 1 434 062 Puebla
56%
Coahuila 720 848 Torreon
56%
Guerrero 658 609 Acapulco
52%
Morelos 378 476 Cuernavaca
52%
Durango 616 068 Durango
52%
Guanajuato 1 721 215 Leon
52%
Yucatan 921 771 Merida
52%
San Luis Potosi 824 229 San Luis Potosi
52%
Veracruz 552 156 Veracruz
52%
Baja california sur 202 694 Cabo San Lucas
48%
Colima 146 965 Colima
48%
Sinaloa 808 416 Culiacan
48%
Sinaloa 441 975 Mazatlan
48%
Michoacan 743 275 Morelia
48%
Queretaro 1 049 777 Queretaro
48%
Nayarit 371 387 Tepic
48%
Mexico 910 608 Toluca
48%
Chiapas 537 102 Tuxtla Gutierrez
48%
Zacatecas 405 285 Zacatecas
48%
Quintana roo 169 028 Chetumal
44%
Baja California 330 652 Ensenada
44%
Sinaloa 298 009 Los Mochis
44%
Veracruz 457 928 Xalapa
44%
Jalisco 1 257 547 Zapopan
44%
Guanajuato 521 169 Celaya
41%
Sonora 855 563 Hermosillo
41%
Colima 159 853 Manzanillo
41%
Tamaulipas 510 739 Matamoros
41%
Mexico 1 077 208 Nezahualcoyotl
41%
Tamaulipas 416 055 Nuevo laredo
41%
Coahuila 176 327 Piedras Negras
41%
Quintana roo 304 942 Playa del Carmen
41%
Tamaulipas 691 557 Reynosa
41%
Tabasco 340 060 Villahermosa
41%
Sonora 329 404 Ciudad Obregon
37%
Nuevo Leon 673 616 Guadalupe
37%
Zacatecas 170 029 Guadalupe
37%
Guanajuato 592 953 Irapuato
37%
Jalisco 224 166 Puerto Vallarta
37%
Chiapas 158 027 San Cristobal de las Casas
37%
Tamaulipas 297 373 Tampico
37%
Michoacan 299 523 Uruapan
37%
Puebla 87 897 Cholula
33%
Campeche 191 238 Ciudad del Carmen
33%
Mexico 1 645 352 Ecatepec de Morelos
33%
Coahuila 237 951 Monclova
33%
Jalisco 650 123 Tlaquepaque
33%
Quintana roo 33 374 Tulum
33%
Tamaulipas 332 100 Ciudad Victoria
30%
Veracruz 305 260 Coatzacoalcos
30%
Quintana roo 84 519 Cozumel
30%
Morelos 187 118 Cuautla
30%
Chihuahua 128 548 Delicias
30%
Baja California 81 059 Tecate
30%
Zacatecas 143 281 Fresnillo
30%
Hidalgo 297 848 Pachuca de Soto
30%
Guanajuato 273 417 Salamanca
30%
Sonora 176 685 San Luis Rio Colorado
30%
Jalisco 442 440 Tonala
30%
Michoacan 154 546 Zamora
30%
Coahuila 163 058 Ciudad Acuna
26%
Guerrero 132 854 Iguala
26%
Puebla 248 716 Tehuacan
26%
Veracruz 196 541 Cordoba
22%
Durango 301 742 Gomez Palacio
22%
Sonora 120 926 Navojoa
22%
Yucatan 56 494 Valladolid
22%
Guerrero 225 728 Chilpancingo de los Bravo
19%
Sinaloa 65 215 Guamuchil
19%
Sinaloa 77 849 Guasave
19%
Baja california sur 16 311 Loreto
19%
San Luis Potosi 99 015 Matehuala
19%
Veracruz 193 311 Poza Rica
19%
Baja california sur 136 285 San Jose del Cabo
19%
Queretaro 297 804 San Juan del Rio
19%
Guerrero 70 760 Zihuatanejo
19%
Tlaxcala 47 632 Apizaco
15%
Puebla 86 690 Atlixco
15%
San Luis Potosi 177 022 Ciudad Valles
15%
Chihuahua 135 586 Cuauhtemoc
15%
Campeche 31 375 Escarcega
15%
Aguascalientes 63 805 jesus maria
15%
Tlaxcala 59 871 Huamantla
15%
San Luis Potosi 94 191 Rio Verde
15%
Campeche 249 623 San Francisco de Campeche
15%
Nuevo Leon 143 273 San Nicolas
15%
Guanajuato 203 556 Silao
15%
Colima 88 337 Tecoman
15%
Michoacan 102 362 Apatzingan
11%
Nuevo Leon 467 157 Ciudad Apodaca
11%
Baja California 100 660 Playas de Rosarito
11%
Nuevo Leon 352 444 General Escobedo
11%
Sonora 261 137 Heroica Nogales
11%
Michoacan 87 042 La Piedad
11%
Durango 96 243 Lerdo
11%
Puebla 77 106 Amozoc
7%
Tabasco 80 454 Cardenas
7%
Campeche 35 799 Champoton
7%
Mexico 705 193 Chimalhuacan
7%
Aguascalientes 32 035 Pabellón de Arteaga
7%
Aguascalientes 31 963 Rincon de Romos
7%
Hidalgo 44 311 Huejutla
7%
Morelos 215 357 Jiutepec
7%
Yucatan 139 753 Kanasin
7%
Tabasco 31 435 Macuspana
7%
Mexico 834 434 Naucalpan de Juarez
7%
Oaxaca 84 438 Salina Cruz
7%
Chiapas 202 672 Tapachula de Cordova y Ordonez
7%
Morelos 122 263 Temixco
7%
Baja california sur 43 805 Ciudad Constitucion
4%
Chiapas 97 537 Comitan de Dominguez
4%
Queretaro 212 567 Corregidora
4%
Morelos 107 053 Emiliano Zapata
4%
Aguascalientes 21 049 Calvillo
4%
Chihuahua 113 843 Hidalgo del parral
4%
Hidalgo 37 608 Ixmiquilpan
4%
Nayarit 25 477 Ixtlan del Rio
4%
Zacatecas 46 132 Jerez de Garcia Salinas
4%
Oaxaca 113 570 Juchitan de Zaragoza
4%
Oaxaca 162 511 San Juan Bautista Tuxtepec
4%
Tlaxcala 53 373 Santa ana
4%
San Luis Potosi 309 342 Soledad de Graciano Sanchez
4%
Guerrero 59 580 Tlapa
4%
Yucatan 56 409 Uman
4%
Zacatecas 38 193 Victor Rosales
4%
Colima 147 496 Villa de Alvarez
4%
Nayarit 48 170 Xalisco
4%
Tlaxcala 45 587 Zacatelco
4%
Colima 15 368 Armeria
0%
Campeche 15 949 Calkini
0%
Chiapas 48 467 Cintalapa de Figueroa
0%
Tabasco 43 035 Comalcalco
0%
Queretaro 231 668 El Marques
0%
Durango 26 678 El Salto
0%
Queretaro 77 404 Pedro Escobedo
0%
Nayarit 35 486 San Jose del Valle
0%
Tlaxcala 70 224 San Pablo del Monte
0%
Oaxaca 81 848 Santa Cruz Xoxocotlan
0%
Durango 30 063 Santiago Papasquiaro
0%
Nayarit 38 666 San vicente
0%
Tabasco 34 946 Tenosique de Pino Suarez
0%
Hidalgo 60 265 Tizayuca
0%
Yucatan 52 593 Tizimin
0%
Hidalgo 106 163 Tulacingo
0%
No se encontraron pruebas coincidentes
Distribución de puntuación
Porcentaje de gente con cada puntuación
Porcentaje por número respondido
Historial de tus puntuaciones
No has intentado esta prueba.